[Event "DVM U16 2020"]
[Site "Willingen GER"]
[Date "2021.06.25"]
[Round "3"]
[White "Afonso, Nils"]
[Black "Schuh, Robert"]
[Result "1-0"]
[Termination "normal"]
[Board "7.2"]
[WhiteElo "1960"]
[BlackElo "1588"]
[WhiteClock "00:05:01"]
[BlackClock "00:00:36"]
[WhiteTeam "SF 59 Kornwestheim"]
[BlackTeam "FVS ASP Hoyerswerda"]
[PlyCount "119"]
[WhiteFideId "12990582"]
[BlackFideId "16215990"]
[EventCountry "GER"]
[EventRounds "7"]
[EventType "team-swiss"]
[EventDate "2021.06.23"]

1. d4 {[%clk 1:30:58]} 1... Nf6 {[%clk 1:30:53]} 2. c4 {[%clk 1:31:25]} 2... g6
{[%clk 1:31:12]} 3. Nc3 {[%clk 1:31:51]} 3... Bg7 {[%clk 1:31:36]} 4. e4 {
[%clk 1:32:16]} 4... d6 {[%clk 1:32:01]} 5. f3 {[%clk 1:32:42]} 5... c6 { [%clk
1:32:10]} 6. Nge2 {[%clk 1:32:11]} 6... a6 {[%clk 1:31:12]} 7. a4 { [%clk
1:30:35]} 7... b6 {[%clk 1:21:19]} 8. Ng3 {[%clk 1:27:53]} 8... Qc7 { [%clk
1:20:00]} 9. Be2 {[%clk 1:26:46]} 9... Nbd7 {[%clk 1:20:07]} 10. O-O { [%clk
1:25:21]} 10... O-O {[%clk 1:18:54]} 11. Be3 {[%clk 1:24:48]} 11... e5 { [%clk
1:12:21]} 12. d5 {[%clk 1:24:36]} 12... c5 {[%clk 1:11:48]} 13. Qd2 { [%clk
1:23:21]} 13... Ne8 {[%clk 1:10:20]} 14. f4 {[%clk 1:21:52]} 14... exf4 { [%clk
1:09:31]} 15. Bxf4 {[%clk 1:22:14]} 15... Ne5 {[%clk 1:09:39]} 16. Bh6 { [%clk
1:20:44]} 16... Qd8 {[%clk 1:00:51]} 17. Bxg7 {[%clk 1:17:33]} 17... Kxg7
{[%clk 1:00:08]} 18. Nd1 {[%clk 1:16:14]} 18... Nc7 {[%clk 0:59:21]} 19. Ra3 {
[%clk 1:14:37]} 19... Bd7 {[%clk 0:56:30]} 20. Ne3 {[%clk 0:23:14]} 20... Kh8 {
[%clk 0:39:03]} 21. b4 {[%clk 0:13:49]} 21... Rb8 {[%clk 0:32:17]} 22. a5 {
[%clk 0:12:21]} 22... Ne8 {[%clk 0:25:04]} 23. axb6 {[%clk 0:12:34]} 23... Qxb6
{[%clk 0:24:37]} 24. bxc5 {[%clk 0:12:50]} 24... Qxc5 {[%clk 0:24:53]} 25. Ra5
{[%clk 0:10:46]} 25... Qb6 {[%clk 0:21:31]} 26. c5 {[%clk 0:10:43]} 26... dxc5
{[%clk 0:20:22]} 27. Rxa6 {[%clk 0:10:59]} 27... Qb4 {[%clk 0:19:53]} 28. Qc2 {
[%clk 0:08:37]} 28... Qd4 {[%clk 0:17:16]} 29. Ra3 {[%clk 0:07:41]} 29... Nd6 {
[%clk 0:14:04]} 30. Rd1 {[%clk 0:06:06]} 30... Qb4 {[%clk 0:13:48]} 31. Rc3 {
[%clk 0:05:12]} 31... Ba4 {[%clk 0:13:31]} 32. Qc1 {[%clk 0:04:14]} 32... Bxd1
{[%clk 0:13:53]} 33. Bxd1 {[%clk 0:04:09]} 33... Rfc8 {[%clk 0:12:08]} 34. Bg4
{[%clk 0:03:24]} 34... Nxg4 {[%clk 0:11:45]} 35. Nxg4 {[%clk 0:03:47]} 35...
Qd4+ {[%clk 0:09:57]} 36. Nf2 {[%clk 0:03:23]} 36... c4 {[%clk 0:09:41]} 37.
Ne2 {[%clk 0:01:48]} 37... Qe5 {[%clk 0:09:13]} 38. Qe3 {[%clk 0:01:05]} 38...
Rb1+ {[%clk 0:09:12]} 39. Nc1 {[%clk 0:01:23]} 39... Nb5 {[%clk 0:07:57]} 40.
Rc2 {[%clk 0:01:29]} 40... Qd4 {[%clk 0:06:33]} 41. Qh3 {[%clk 0:01:18]} 41...
Rc7 {[%clk 0:06:01]} 42. Qh6 {[%clk 0:21:23]} 42... Kg8 {[%clk 0:31:28]} 43. g3
{[%clk 0:19:45]} 43... c3 {[%clk 0:27:56]} 44. Kg2 {[%clk 0:19:25]} 44... Rb2 {
[%clk 0:26:22]} 45. Ne2 {[%clk 0:18:12]} 45... Qa4 {[%clk 0:24:28]} 46. Kh3 {
[%clk 0:10:18]} 46... f6 {[%clk 0:11:51]} 47. Nf4 {[%clk 0:04:30]} 47... Rxc2 {
[%clk 0:06:10]} 48. Ne6 {[%clk 0:04:07]} 48... Rf7 {[%clk 0:05:43]} 49. Ng4 {
[%clk 0:04:34]} 49... Qa7 {[%clk 0:05:23]} 50. Qf4 {[%clk 0:03:41]} 50... h5 {
[%clk 0:00:40]} 51. Nh6+ {[%clk 0:03:16]} 51... Kh7 {[%clk 0:00:41]} 52. Nxf7 {
[%clk 0:03:22]} 52... Qxf7 {[%clk 0:01:03]} 53. Ng5+ {[%clk 0:03:47]} 53... Kg7
{[%clk 0:00:57]} 54. Nxf7 {[%clk 0:04:14]} 54... Kxf7 {[%clk 0:01:04]} 55. Qb8
{[%clk 0:03:56]} 55... Rb2 {[%clk 0:01:01]} 56. Qb7+ {[%clk 0:03:24]} 56... Kg8
{[%clk 0:01:20]} 57. Qc8+ {[%clk 0:03:45]} 57... Kh7 {[%clk 0:01:36]} 58. d6 {
[%clk 0:04:14]} 58... Nxd6 {[%clk 0:00:48]} 59. Qxc3 {[%clk 0:04:39]} 59... Rf2
{[%clk 0:00:36]} 60. Qd4 {[%clk 0:05:01]} 1-0

[Event "DVM U16 2020"]
[Site "Willingen GER"]
[Date "2021.06.25"]
[Round "3"]
[White "Schuh, Ramon"]
[Black "Kluge, Malte"]
[Result "1/2-1/2"]
[Termination "normal"]
[Board "7.3"]
[WhiteElo "1378"]
[BlackElo "1652"]
[WhiteClock "00:01:08"]
[BlackClock "00:05:25"]
[WhiteTeam "FVS ASP Hoyerswerda"]
[BlackTeam "SF 59 Kornwestheim"]
[PlyCount "65"]
[WhiteFideId "16215982"]
[BlackFideId "16243838"]
[EventCountry "GER"]
[EventRounds "7"]
[EventType "team-swiss"]
[EventDate "2021.06.23"]

1. e4 {[%clk 1:30:57]} 1... c5 {[%clk 1:30:52]} 2. Nc3 {[%clk 1:31:15]} 2... d6
{[%clk 1:31:06]} 3. g3 {[%clk 1:31:26]} 3... g6 {[%clk 1:31:02]} 4. Bg2 { [%clk
1:31:18]} 4... Bg7 {[%clk 1:31:01]} 5. d3 {[%clk 1:30:53]} 5... e6 { [%clk
1:29:30]} 6. Be3 {[%clk 1:29:16]} 6... Nc6 {[%clk 1:27:10]} 7. Qd2 { [%clk
1:25:42]} 7... Nge7 {[%clk 1:23:06]} 8. Bh6 {[%clk 1:19:03]} 8... O-O { [%clk
1:20:09]} 9. Nge2 {[%clk 1:17:00]} 9... b6 {[%clk 1:11:41]} 10. O-O { [%clk
1:13:08]} 10... Ba6 {[%clk 1:04:22]} 11. Bxg7 {[%clk 1:01:47]} 11... Kxg7
{[%clk 1:04:32]} 12. f4 {[%clk 0:55:56]} 12... Nd4 {[%clk 0:49:39]} 13. g4 {
[%clk 0:40:51]} 13... Bb7 {[%clk 0:43:31]} 14. f5 {[%clk 0:34:12]} 14... Ng8 {
[%clk 0:35:06]} 15. fxe6 15... fxe6 {[%clk 0:32:12]} 16. Nxd4 {[%clk 0:24:00]}
16... cxd4 {[%clk 0:31:17]} 17. Ne2 {[%clk 0:21:22]} 17... e5 {[%clk 0:28:06]}
18. Rxf8 {[%clk 0:16:44]} 18... Qxf8 {[%clk 0:27:34]} 19. Rf1 {[%clk 0:16:11]}
19... Qe7 {[%clk 0:25:31]} 20. Qe1 {[%clk 0:14:23]} 20... Rf8 {[%clk 0:21:38]}
21. Rxf8 {[%clk 0:11:57]} 21... Qxf8 {[%clk 0:21:55]} 22. Qf2 {[%clk 0:09:40]}
22... Qxf2+ {[%clk 0:19:21]} 23. Kxf2 {[%clk 0:08:28]} 23... Bc8 { [%clk
0:18:10]} 24. g5 {[%clk 0:06:49]} 24... Ne7 {[%clk 0:17:17]} 25. Kg3 { [%clk
0:02:37]} 25... Nc6 {[%clk 0:15:05]} 26. a3 {[%clk 0:02:28]} 26... Nd8 { [%clk
0:11:05]} 27. h4 {[%clk 0:01:43]} 27... Kf7 {[%clk 0:09:32]} 28. Bf3 { [%clk
0:01:07]} 28... Ne6 {[%clk 0:07:31]} 29. Bg4 {[%clk 0:01:00]} 29... Bb7 { [%clk
0:05:31]} 30. Bf3 {[%clk 0:00:48]} 30... Bc8 {[%clk 0:05:07]} 31. Bg4 { [%clk
0:01:06]} 31... Bb7 {[%clk 0:05:32]} 32. Bf3 {[%clk 0:01:08]} 32... Bc8 { [%clk
0:05:25]} 33. Bg4 1/2-1/2

[Event "DVM U16 2020"]
[Site "Willingen GER"]
[Date "2021.06.25"]
[Round "3"]
[White "Afonso, Phil"]
[Black "Friedrich, Eddie"]
[Result "0-1"]
[Termination "normal"]
[Board "7.4"]
[WhiteElo "1542"]
[BlackElo "1550"]
[WhiteClock "00:40:19"]
[BlackClock "00:36:09"]
[WhiteTeam "SF 59 Kornwestheim"]
[BlackTeam "FVS ASP Hoyerswerda"]
[PlyCount "152"]
[WhiteFideId "16207475"]
[BlackFideId "16274946"]
[EventCountry "GER"]
[EventRounds "7"]
[EventType "team-swiss"]
[EventDate "2021.06.23"]

1. e4 {[%clk 1:30:58]} 1... c5 {[%clk 1:30:54]} 2. Nf3 {[%clk 1:31:23]} 2... d6
{[%clk 1:31:11]} 3. d4 {[%clk 1:31:48]} 3... cxd4 {[%clk 1:31:26]} 4. Nxd4 {
[%clk 1:32:13]} 4... Nf6 {[%clk 1:31:43]} 5. Nc3 {[%clk 1:32:36]} 5... a6 {
[%clk 1:31:19]} 6. Be3 {[%clk 1:32:36]} 6... g6 {[%clk 1:31:21]} 7. f3 { [%clk
1:32:40]} 7... Bg7 {[%clk 1:31:34]} 8. Qd2 {[%clk 1:32:39]} 8... b5 { [%clk
1:29:33]} 9. Nb3 {[%clk 1:32:44]} 9... Bb7 {[%clk 1:29:25]} 10. a3 { [%clk
1:32:13]} 10... Nbd7 {[%clk 1:29:24]} 11. Be2 {[%clk 1:31:10]} 11... Rc8 {[%clk
1:29:17]} 12. O-O {[%clk 1:30:14]} 12... O-O {[%clk 1:29:13]} 13. Rad1 { [%clk
1:29:44]} 13... Re8 {[%clk 1:29:17]} 14. Kh1 {[%clk 1:26:58]} 14... Nb6 { [%clk
1:28:52]} 15. Na5 {[%clk 1:18:25]} 15... Ba8 {[%clk 1:28:38]} 16. Bd3 { [%clk
1:18:09]} 16... Nfd7 {[%clk 1:27:56]} 17. Nb3 {[%clk 1:15:45]} 17... Ne5 {[%clk
1:26:23]} 18. Qe1 {[%clk 1:13:31]} 18... Nbc4 {[%clk 1:25:44]} 19. Rb1 { [%clk
1:13:25]} 19... Nxd3 {[%clk 1:18:03]} 20. cxd3 {[%clk 1:13:43]} 20... Nxe3
{[%clk 1:18:00]} 21. Qxe3 {[%clk 1:13:43]} 21... Bxc3 {[%clk 1:17:42]} 22. bxc3
{[%clk 1:14:07]} 22... Rxc3 {[%clk 1:17:58]} 23. Rfc1 {[%clk 1:13:46]} 23...
Qc7 {[%clk 1:16:01]} 24. h3 {[%clk 1:10:35]} 24... Rc8 {[%clk 1:15:40]} 25. Kh2
{[%clk 1:09:02]} 25... d5+ {[%clk 1:13:34]} 26. e5 {[%clk 1:09:13]} 26... Qd8
{[%clk 1:09:47]} 27. Rb2 {[%clk 1:00:04]} 27... d4 {[%clk 1:02:46]} 28. Qd2
{[%clk 0:57:54]} 28... Bd5 {[%clk 1:00:40]} 29. Rcb1 {[%clk 0:55:59]} 29...
Bxb3 {[%clk 0:59:20]} 30. Rxb3 {[%clk 0:56:16]} 30... Qd5 {[%clk 0:59:29] } 31.
Rxc3 {[%clk 0:49:10]} 31... dxc3 {[%clk 0:55:49]} 32. Qe2 {[%clk 0:48:57] }
32... c2 {[%clk 0:53:38]} 33. Rc1 {[%clk 0:48:07]} 33... Qb3 {[%clk 0:50:56]}
34. Qd2 {[%clk 0:47:27]} 34... Rc3 {[%clk 0:50:24]} 35. d4 {[%clk 0:47:26]}
35... Qxa3 {[%clk 0:42:43]} 36. Rxc2 {[%clk 0:47:36]} 36... b4 {[%clk 0:41:41]}
37. d5 {[%clk 0:44:49]} 37... Rxc2 {[%clk 0:41:29]} 38. Qxc2 {[%clk 0:45:10]}
38... b3 {[%clk 0:41:10]} 39. Qd3 {[%clk 0:44:25]} 39... Qa1 {[%clk 0:34:57]}
40. Qxb3 {[%clk 0:43:22]} 40... Qxe5+ {[%clk 0:35:08]} 41. Kg1 {[%clk 0:43:22]}
41... Qd4+ {[%clk 0:34:19]} 42. Kf1 {[%clk 0:43:23]} 42... a5 {[%clk 0:32:29]}
43. Ke2 {[%clk 0:42:25]} 43... Kg7 {[%clk 0:31:50]} 44. Qb7 {[%clk 0:40:57]}
44... Qb4 {[%clk 0:30:46]} 45. Qxb4 {[%clk 0:40:03]} 45... axb4 {[%clk 0:31:09]
} 46. Kd3 {[%clk 0:40:30]} 46... Kf6 {[%clk 0:31:33]} 47. f4 {[%clk 0:40:49]}
47... Kf5 {[%clk 0:30:54]} 48. g3 {[%clk 0:41:10]} 48... b3 {[%clk 0:30:32]}
49. Kc3 {[%clk 0:41:28]} 49... Ke4 {[%clk 0:30:53]} 50. Kxb3 {[%clk 0:40:20]}
50... Kxd5 {[%clk 0:31:15]} 51. Kb4 {[%clk 0:40:38]} 51... e5 {[%clk 0:31:20]}
52. fxe5 {[%clk 0:40:54]} 52... Kxe5 {[%clk 0:31:45]} 53. Kc5 {[%clk 0:41:17]}
53... h5 {[%clk 0:31:38]} 54. Kc6 {[%clk 0:40:39]} 54... g5 {[%clk 0:31:49]}
55. Kd7 {[%clk 0:40:49]} 55... f5 {[%clk 0:32:05]} 56. Ke7 {[%clk 0:40:55]}
56... f4 {[%clk 0:32:08]} 57. gxf4+ {[%clk 0:40:26]} 57... Kxf4 {[%clk 0:32:21]
} 58. Kf6 {[%clk 0:40:45]} 58... h4 {[%clk 0:32:12]} 59. Kg6 {[%clk 0:40:50]}
59... g4 {[%clk 0:32:05]} 60. hxg4 {[%clk 0:41:05]} 60... Kxg4 {[%clk 0:32:24]}
61. Kf6 {[%clk 0:41:31]} 61... h3 {[%clk 0:32:35]} 62. Ke5 {[%clk 0:41:46]}
62... h2 {[%clk 0:31:40]} 63. Kd4 {[%clk 0:41:58]} 63... h1=Q {[%clk 0:31:58]}
64. Ke5 {[%clk 0:42:09]} 64... Qf3 {[%clk 0:32:08]} 65. Kd4 {[%clk 0:42:03]}
65... Qe2 {[%clk 0:32:25]} 66. Kd5 {[%clk 0:41:52]} 66... Kf5 {[%clk 0:32:42]}
67. Kd4 {[%clk 0:42:06]} 67... Qe4+ {[%clk 0:33:05]} 68. Kc5 {[%clk 0:41:24]}
68... Qd3 {[%clk 0:33:28]} 69. Kc6 {[%clk 0:41:21]} 69... Ke6 {[%clk 0:33:46]}
70. Kc5 {[%clk 0:41:19]} 70... Qd5+ {[%clk 0:34:01]} 71. Kb4 {[%clk 0:41:29]}
71... Qc6 {[%clk 0:34:23]} 72. Kb3 {[%clk 0:41:07]} 72... Kd5 {[%clk 0:34:41]}
73. Kb4 {[%clk 0:40:42]} 73... Qc4+ {[%clk 0:35:00]} 74. Ka5 {[%clk 0:40:34]}
74... Qb3 {[%clk 0:35:21]} 75. Ka6 {[%clk 0:40:46]} 75... Kc6 {[%clk 0:35:48]}
76. Ka5 {[%clk 0:40:19]} 76... Qb5# {[%clk 0:36:09]} 0-1

[Event "DVM U16 2020"]
[Site "Willingen GER"]
[Date "2021.06.25"]
[Round "3"]
[White "Bethke, Richard"]
[Black "Weishäutel, Moritz"]
[Result "1/2-1/2"]
[Termination "normal"]
[Board "8.1"]
[WhiteTitle "FM"]
[WhiteElo "2332"]
[BlackElo "2207"]
[WhiteClock "00:29:35"]
[BlackClock "00:42:34"]
[WhiteTeam "SF Neuberg"]
[BlackTeam "Erfurter Schachklub"]
[PlyCount "111"]
[WhiteFideId "12959243"]
[BlackFideId "12967300"]
[EventCountry "GER"]
[EventRounds "7"]
[EventType "team-swiss"]
[EventDate "2021.06.23"]

1. e4 {[%clk 1:30:56]} 1... c5 {[%clk 1:30:55]} 2. Nf3 {[%clk 1:31:22]} 2... d6
{[%clk 1:31:20]} 3. d4 {[%clk 1:31:48]} 3... cxd4 {[%clk 1:31:46]} 4. Nxd4 {
[%clk 1:32:13]} 4... Nf6 {[%clk 1:32:11]} 5. Nc3 {[%clk 1:32:39]} 5... a6 {
[%clk 1:32:37]} 6. Be3 {[%clk 1:33:03]} 6... e6 {[%clk 1:32:57]} 7. Qf3 { [%clk
1:33:27]} 7... Nbd7 {[%clk 1:31:51]} 8. O-O-O {[%clk 1:33:02]} 8... h5 { [%clk
1:30:49]} 9. h4 {[%clk 1:25:55]} 9... Qc7 {[%clk 1:29:18]} 10. Qg3 { [%clk
1:22:01]} 10... e5 {[%clk 1:28:34]} 11. Nb3 {[%clk 1:18:56]} 11... b5 { [%clk
1:27:31]} 12. Kb1 {[%clk 1:14:22]} 12... Bb7 {[%clk 1:23:36]} 13. Nd5 { [%clk
1:10:15]} 13... Nxd5 {[%clk 1:21:04]} 14. exd5 {[%clk 1:10:40]} 14... Rc8
{[%clk 1:17:36]} 15. c3 {[%clk 1:08:39]} 15... Nf6 {[%clk 1:12:02]} 16. Qf3 {
[%clk 1:02:37]} 16... b4 {[%clk 0:50:48]} 17. cxb4 {[%clk 0:52:11]} 17... Be7 {
[%clk 0:40:16]} 18. b5 {[%clk 0:41:33]} 18... a5 {[%clk 0:39:20]} 19. b6 {
[%clk 0:32:22]} 19... Qc2+ {[%clk 0:37:10]} 20. Ka1 {[%clk 0:32:13]} 20... O-O
{[%clk 0:37:04]} 21. Bb5 {[%clk 0:27:27]} 21... a4 {[%clk 0:32:10]} 22. Rd2 {
[%clk 0:12:05]} 22... Qe4 {[%clk 0:18:25]} 23. Na5 {[%clk 0:11:26]} 23... Qb4 {
[%clk 0:18:12]} 24. Nc6 {[%clk 0:11:13]} 24... Bxc6 {[%clk 0:17:43]} 25. Bxc6 {
[%clk 0:11:38]} 25... Ne4 {[%clk 0:16:43]} 26. Rc2 {[%clk 0:10:54]} 26... Nc5 {
[%clk 0:17:03]} 27. Bxc5 {[%clk 0:09:23]} 27... dxc5 {[%clk 0:17:32]} 28. b7 {
[%clk 0:09:45]} 28... Rb8 {[%clk 0:17:44]} 29. a3 {[%clk 0:08:01]} 29... Qb6 {
[%clk 0:17:52]} 30. Qxh5 {[%clk 0:07:15]} 30... e4 {[%clk 0:17:13]} 31. Qe5 {
[%clk 0:06:12]} 31... Bf6 {[%clk 0:16:31]} 32. Qxe4 {[%clk 0:06:34]} 32... Rxb7
{[%clk 0:16:08]} 33. Bxb7 {[%clk 0:06:53]} 33... Qxb7 {[%clk 0:16:07]} 34. Qc4
{[%clk 0:05:12]} 34... Bd4 {[%clk 0:15:30]} 35. Rd1 {[%clk 0:04:56]} 35... Rd8
{[%clk 0:15:44]} 36. Rxd4 {[%clk 0:03:33]} 36... cxd4 {[%clk 0:16:12]} 37. Qxd4
{[%clk 0:03:54]} 37... Rxd5 {[%clk 0:11:06]} 38. Qxa4 {[%clk 0:04:06]} 38...
Rd8 {[%clk 0:11:32]} 39. g3 {[%clk 0:03:49]} 39... Qh1+ {[%clk 0:09:21]} 40.
Ka2 {[%clk 0:04:14]} 40... Rd1 {[%clk 0:09:45]} 41. Qe8+ {[%clk 0:03:26]} 41...
Kh7 {[%clk 0:10:13]} 42. Qxf7 {[%clk 0:03:45]} 42... Ra1+ {[%clk 0:10:39]} 43.
Kb3 {[%clk 0:04:11]} 43... Qd1 {[%clk 0:10:34]} 44. Qf5+ {[%clk 0:03:41]} 44...
g6 {[%clk 0:10:58]} 45. Qf7+ {[%clk 0:04:04]} 45... Kh8 {[%clk 0:11:23]} 46.
Qe8+ {[%clk 0:04:17]} 46... Kh7 {[%clk 0:11:44]} 47. Qe7+ {[%clk 0:04:24]}
47... Kg8 {[%clk 0:11:52]} 48. Qe6+ {[%clk 0:04:24]} 48... Kh7 {[%clk 0:12:15]}
49. Qf7+ {[%clk 0:02:14]} 49... Kh8 {[%clk 0:12:40]} 50. Qxg6 {[%clk 0:02:33]}
50... Rxa3+ {[%clk 0:11:01]} 51. Kxa3 {[%clk 0:30:20]} 51... Qa1+ { [%clk
0:41:21]} 52. Kb4 {[%clk 0:29:51]} 52... Qa5+ {[%clk 0:41:28]} 53. Kc4 { [%clk
0:29:49]} 53... Qc5+ {[%clk 0:41:46]} 54. Kb3 54... Qb4+ {[%clk 0:42:09]} 55.
Ka2 {[%clk 0:29:35]} 55... Qxb2+ {[%clk 0:42:34]} 56. Kxb2 1/2-1/2

[Event "DVM U16 2020"]
[Site "Willingen GER"]
[Date "2021.06.25"]
[Round "3"]
[White "Seinsoth, Paul"]
[Black "Baranyai-Molnar, Adam-Kristof"]
[Result "1/2-1/2"]
[Termination "normal"]
[Board "8.2"]
[WhiteElo "1737"]
[BlackElo "1783"]
[WhiteClock "00:02:13"]
[BlackClock "00:01:41"]
[WhiteTeam "Erfurter Schachklub"]
[BlackTeam "SF Neuberg"]
[PlyCount "145"]
[WhiteFideId "12994634"]
[BlackFideId "768022"]
[EventCountry "GER"]
[EventRounds "7"]
[EventType "team-swiss"]
[EventDate "2021.06.23"]

1. e4 {[%clk 1:30:57]} 1... c5 {[%clk 1:30:56]} 2. Nf3 {[%clk 1:31:07]} 2... e6
{[%clk 1:31:21]} 3. d4 {[%clk 1:31:25]} 3... cxd4 {[%clk 1:31:46]} 4. Nxd4 {
[%clk 1:31:49]} 4... a6 {[%clk 1:32:12]} 5. Bd3 {[%clk 1:31:58]} 5... Qc7 {
[%clk 1:31:14]} 6. Nc3 {[%clk 1:31:41]} 6... Nf6 {[%clk 1:31:36]} 7. O-O {
[%clk 1:30:50]} 7... Bc5 {[%clk 1:31:35]} 8. Nb3 {[%clk 1:28:16]} 8... Be7 {
[%clk 1:31:59]} 9. Be3 {[%clk 1:28:12]} 9... O-O {[%clk 1:32:12]} 10. Kh1 {
[%clk 1:27:00]} 10... d6 {[%clk 1:31:52]} 11. h3 {[%clk 1:26:14]} 11... Nbd7 {
[%clk 1:31:24]} 12. f4 {[%clk 1:24:54]} 12... b5 {[%clk 1:31:31]} 13. a3 {
[%clk 1:24:27]} 13... Bb7 {[%clk 1:31:42]} 14. Qe1 {[%clk 1:23:09]} 14... Nc5 {
[%clk 1:31:34]} 15. Nxc5 {[%clk 1:19:46]} 15... dxc5 {[%clk 1:31:58]} 16. e5 {
[%clk 1:18:34]} 16... Nd5 {[%clk 1:32:05]} 17. Nxd5 {[%clk 1:18:08]} 17... Bxd5
{[%clk 1:32:22]} 18. c3 {[%clk 1:14:31]} 18... Rad8 {[%clk 1:30:05]} 19. Qe2 {
[%clk 1:12:35]} 19... Qc6 {[%clk 1:29:39]} 20. Rad1 {[%clk 1:06:02]} 20... c4 {
[%clk 1:10:53]} 21. Bc2 {[%clk 1:03:55]} 21... Bc5 {[%clk 1:10:59]} 22. Bd4 {
[%clk 1:02:21]} 22... Qb6 {[%clk 0:44:03]} 23. Qf2 {[%clk 0:58:19]} 23... Bxd4
{[%clk 0:39:13]} 24. Rxd4 {[%clk 0:58:36]} 24... f5 {[%clk 0:38:45]} 25. exf6 {
[%clk 0:57:25]} 25... Rxf6 {[%clk 0:39:03]} 26. Rxd5 {[%clk 0:57:25]} 26...
exd5 {[%clk 0:39:28]} 27. Qh4 {[%clk 0:55:43]} 27... Rh6 {[%clk 0:39:13]} 28.
Qg4 {[%clk 0:54:56]} 28... d4 {[%clk 0:36:40]} 29. cxd4 {[%clk 0:54:16]} 29...
Rxd4 {[%clk 0:35:51]} 30. Re1 {[%clk 0:53:40]} 30... Qd8 {[%clk 0:30:34]} 31.
Bf5 {[%clk 0:38:55]} 31... Rh4 {[%clk 0:20:12]} 32. Qe2 {[%clk 0:33:50]} 32...
Rhxf4 {[%clk 0:12:47]} 33. Qe6+ {[%clk 0:33:58]} 33... Kf8 {[%clk 0:13:02]} 34.
Bxh7 {[%clk 0:34:02]} 34... Rf7 {[%clk 0:06:48]} 35. Bg6 {[%clk 0:33:36]} 35...
Rdf4 {[%clk 0:06:43]} 36. Bxf7 {[%clk 0:33:44]} 36... Rxf7 {[%clk 0:07:08]} 37.
Qe4 {[%clk 0:33:20]} 37... Kg8 {[%clk 0:06:27]} 38. Qc6 {[%clk 0:29:19]} 38...
Qd3 {[%clk 0:03:37]} 39. Qe6 {[%clk 0:26:20]} 39... g6 {[%clk 0:02:12]} 40.
Qe8+ {[%clk 0:19:14]} 40... Kg7 {[%clk 0:02:25]} 41. Qe5+ {[%clk 0:19:22]}
41... Kh7 {[%clk 0:02:38]} 42. Re4 {[%clk 0:18:04]} 42... g5 {[%clk 0:01:27]}
43. Kh2 {[%clk 0:16:05]} 43... Qd8 {[%clk 0:29:59]} 44. Rd4 {[%clk 0:42:24]}
44... Qe7 {[%clk 0:28:21]} 45. Qg3 {[%clk 0:37:11]} 45... Rg7 {[%clk 0:15:33]}
46. Rd5 {[%clk 0:33:13]} 46... Qf6 {[%clk 0:12:27]} 47. Rd6 {[%clk 0:30:03]}
47... Qxb2 {[%clk 0:11:51]} 48. Rxa6 {[%clk 0:30:11]} 48... Qd4 {[%clk 0:11:35]
} 49. Rc6 {[%clk 0:22:02]} 49... Qd5 {[%clk 0:05:36]} 50. Rd6 {[%clk 0:12:39]}
50... Qc5 {[%clk 0:05:37]} 51. Rf6 {[%clk 0:10:34]} 51... Rg6 {[%clk 0:03:39]}
52. Rf7+ {[%clk 0:09:34]} 52... Kh6 {[%clk 0:02:55]} 53. Qc3 {[%clk 0:06:40]}
53... Qd6+ {[%clk 0:02:12]} 54. Kg1 {[%clk 0:06:46]} 54... Qd1+ {[%clk 0:02:23]
} 55. Rf1 {[%clk 0:07:00]} 55... Qd8 {[%clk 0:02:46]} 56. Qe5 {[%clk 0:06:20]}
56... Qd7 {[%clk 0:01:31]} 57. Rf8 {[%clk 0:05:18]} 57... Rg7 {[%clk 0:01:01]}
58. Rh8+ {[%clk 0:02:24]} 58... Kg6 {[%clk 0:01:26]} 59. Qe4+ {[%clk 0:02:22]}
59... Kf7 {[%clk 0:01:41]} 60. Qf3+ {[%clk 0:02:13]} 60... Ke7 61. Qf8+ Ke6 62.
Rh6+ Ke5 63. Qf6+ Kd5 64. Qf3+ Kd4 65. Rf6 Re7 66. Kf1 Qd5 67. Qf2+ Re3 68. Rf3
Qe4 69. Qb2+ Kd3 70. Qe2+ Kd4 71. Qb2+ Kd3 72. Qe2+ Kd4 73. Qb2+ 1/2-1/2

[Event "DVM U16 2020"]
[Site "Willingen GER"]
[Date "2021.06.25"]
[Round "3"]
[White "Kolzenburg, Jan Niklas"]
[Black "Nakhle, Fabrice"]
[Result "1-0"]
[Termination "normal"]
[Board "8.3"]
[WhiteElo "1671"]
[BlackElo "1254"]
[WhiteClock "00:38:06"]
[BlackClock "00:30:55"]
[WhiteTeam "SF Neuberg"]
[BlackTeam "Erfurter Schachklub"]
[PlyCount "29"]
[WhiteFideId "16274830"]
[BlackFideId "34606009"]
[EventCountry "GER"]
[EventRounds "7"]
[EventType "team-swiss"]
[EventDate "2021.06.23"]

1. e4 1... c5 {[%clk 1:30:42]} 2. d3 {[%clk 1:31:01]} 2... Nc6 {[%clk 1:30:46]}
3. f4 {[%clk 1:30:14]} 3... g6 {[%clk 1:30:21]} 4. Nf3 {[%clk 1:29:35]} 4...
Bg7 {[%clk 1:29:44]} 5. c3 {[%clk 1:29:36]} 5... d5 {[%clk 1:28:13]} 6. Be2 {
[%clk 1:19:25]} 6... d4 {[%clk 1:25:19]} 7. c4 {[%clk 1:15:34]} 7... Nh6 {
[%clk 1:23:15]} 8. h3 {[%clk 1:08:55]} 8... O-O {[%clk 1:17:59]} 9. O-O { [%clk
0:54:37]} 9... Bd7 10. Na3 {[%clk 0:49:36]} 10... Qc8 {[%clk 1:13:24]} 11. Qe1
{[%clk 0:44:18]} 11... Rb8 {[%clk 1:02:52]} 12. Qh4 {[%clk 0:39:30]} 12... a6
{[%clk 0:46:30]} 13. f5 13... b5 {[%clk 0:35:52]} 14. Bxh6 { [%clk 0:38:35]}
14... Bxh6 {[%clk 0:30:55]} 15. Qxh6 {[%clk 0:38:06]} 1-0